000 00374nam a2200157Ia 4500
003 Ost
005 20260225132546.0
008 260225s9999||||xx |||||||||||||| ||und||
040 _cfsic
041 _afre
082 _a440
100 _aMohamed Dahmani
_eAuteur
245 0 _aL'occidentialisation des pays du tiers-monde /
245 0 _cMohamed Dahmani
942 _cكتاب
999 _c33843
_d33843